| 000 | 00851nam a2200241Ia 4500 | ||
|---|---|---|---|
| 001 | 14867 | ||
| 003 | GE_BSU | ||
| 008 | 181216s||||||||xx |||||||||||||| ||und|| | ||
| 020 | _a5217009683 | ||
| 040 | _cGE_BSU | ||
| 080 | _a681+004.9 | ||
| 100 | _aБелецкий,Ян. | ||
| 245 | _aТурбо Паскаль с графикой для персональных компьютеров | ||
| 245 | _cПер. с польского Д.И.Юренкова | ||
| 260 | _aМосква | ||
| 260 | _bМашиностроение | ||
| 260 | _c1991 | ||
| 300 | _a320стр.20см. | ||
| 653 | _aТурбо Паскаль с графикой для персональных компьютеров | ||
| 653 | _aინფორმატიკა | ||
| 653 | _aსაინფორმაციო ტექნოლოგიები | ||
| 942 | _cBK | ||
| 999 |
_c47989 _d47989 |
||